| 000 | 01208nam a2200313Ia 4500 | ||
|---|---|---|---|
| 001 | ebr10188592 | ||
| 003 | CaPaEBR | ||
| 006 | m u | ||
| 007 | cr cn||||||||| | ||
| 008 | 070801s2007 ne a s 001 0 eng d | ||
| 010 | _z 2007298561 | ||
| 020 | _z1555583474 | ||
| 020 | _z9781555583477 | ||
| 040 |
_aCaPaEBR _cCaPaEBR |
||
| 035 | _a(OCoLC)441818451 | ||
| 050 | 1 | 4 |
_aQA76.9.C55 _bR417 2007eb |
| 082 | 0 | 4 |
_a005.4/476 _222 |
| 100 | 1 |
_aRedmond, Tony, _d1959- |
|
| 245 | 1 | 0 |
_aMicrosoft Exchange server 2007 _h[electronic resource] : _bTony Redmond's guide to successful implementation / _cTony Redmond. |
| 260 |
_aAmsterdam ; _aBoston : _bElsevier/Digital Press, _cc2007. |
||
| 300 |
_axxi, 1031 p. : _bill. |
||
| 500 | _aIncludes index. | ||
| 533 |
_aElectronic reproduction. _bPalo Alto, Calif. : _cebrary, _d2009. _nAvailable via World Wide Web. _nAccess may be limited to ebrary affiliated libraries. |
||
| 630 | 0 | 0 | _aMicrosoft Exchange server. |
| 650 | 0 | _aClient/server computing. | |
| 655 | 7 |
_aElectronic books. _2local |
|
| 710 | 2 | _aebrary, Inc. | |
| 856 | 4 | 0 |
_uhttp://site.ebrary.com/lib/rucke/Doc?id=10188592 _zAn electronic book accessible through the World Wide Web; click to view |
| 999 |
_c235942 _d235942 |
||